Trouve l'intru Foot #1 - Statistiques

Statistiques générales
  • Ce quiz a été pris 174 fois
  • Le résultat moyen est 6 sur 8
Statistiques - réponses
Question Réponse % Correct
Qui n'a pas joué au PSG ? Ronaldo Nazario
100%
Qui a des cheveux ? Danilo
90%
Qui n'a pas de ballon d'or ? Maradona
90%
Qui n'a pas joué avec Messi et Ronaldo ? Álvarez
80%
Qui n'a pas joué dans 5 clubs ou plus ? Dembélé
70%
Qui n'a pas gagné 5 ligues des champions ou plus ? Xavi
60%
Quel club n'est pas de Londres ? Aston Villa
50%
Qui fais plus de 1m90 ? Buffon
50%
Aucun quiz correspondant
Distribution des résultats
% des personnes avec chaque résultat
Percentile par nombre de réponses
Votre historique - résultats
Vous n’avez pas pris ce quiz